Sports Quiz

Random Sports or Football Quiz
Score 0/49 Timer 10:00
2 Plays Today
Position Player % Correct
QBJoe Montana
87.1%
WRJerry Rice
82.7%
QBJohnny Unitas
77.6%
FBJim Brown
75.8%
TRoosevelt Brown
75%
RBWalter Payton
70.6%
LBLawrence Taylor
60.7%
DEReggie White
59.1%
DEDavid 'Deacon' Jones
50.3%
RBGale Sayers
50.1%
KRGale Sayers
50.1%
RBO.J. Simpson
48.4%
LBDick Butkus
47.4%
TEMike Ditka
46.1%
DTMean Joe Greene
46%
SRonnie Lott
45.3%
QBOtto Graham
44.9%
QBSammy Baugh
43.4%
TEKellen Winslow
43.4%
PRBilly 'White Shoes' Johnson
42.5%
CBRod Woodson
40.1%
PRay Guy
38.8%
LBJack Lambert
37.1%
LBJack Ham
34.5%
TAnthony Munoz
33.5%
Position Player % Correct
CBDick 'Night Train' Lane
31.5%
CMike Webster
28%
WRDon Hutson
27.1%
FBBronko Nagurski
24.8%
WRLance Alworth
24.6%
DTMerlin Olsen
23.7%
CBMel Blount
22.7%
WRRaymond Berry
22.2%
GJohn Hannah
21.5%
KJan Stenerud
21.1%
LBRay Nitschke
18.6%
CBMike Haynes
17.1%
GGene Upshaw
16.2%
FBMarion Motley
16.1%
DTBob Lilly
16.1%
SLarry Wilson
15.5%
TForrest Gregg
14.2%
LBTed Hendricks
13.3%
RBSteve Van Buren
12.8%
LBWillie Lanier
10.9%
GJim Parker
9.9%
DEGino Marchetti
9.9%
SKen Houston
8.9%
CMel Hein
8.7%

You're not logged in!

Compare scores with friends on all Sporcle quizzes.
OR
Log In

Sporcle TV

Today on Sporcle TV


Watch our educational content, quiz creation guides, and fun videos on Sporcle TV.

Show Comments

Extras

Top Quizzes Today


Score Distribution

Paid Content

Your Account Isn't Verified!

In order to create a playlist on Sporcle, you need to verify the email address you used during registration. Go to your Sporcle Settings to finish the process.

Report this User

Report this user for behavior that violates our Community Guidelines.

Details: